[Event "25. Torneo San Viator 2015 - Torneo B"]
[Site "Madrid ESP"]
[Date "2015.11.08"]
[Round "7.14"]
[White "Lianes Garcia, Alicia"]
[Black "Blanco Ruiz, Cesar"]
[Result "0-1"]
[WhiteElo "1359"]
[BlackElo "1630"]
[PlyCount "82"]
[EventDate "2015.10.04"]
[EventType "swiss"]
[EventRounds "9"]
[EventCountry "ESP"]
[Source "lmi"]
[SourceDate "2015.10.04"]

1. e4 e6 2. d4 d5 3. exd5 exd5 4. Nf3 Bd6 5. Nc3 Ne7 6. Bd3 O-O 7. O-O c6 8.
Re1 Bf5 9. Ne5 f6 10. Nf3 Qd7 11. Qe2 Bxd3 12. Qxd3 Na6 13. a3 Nc7 14. Qe2 Rae8
15. Be3 Nf5 16. Qd3 Nxe3 17. Rxe3 Rxe3 18. Qxe3 Qf5 19. Qd2 Bf4 20. Qd1 Re8 21.
Ne2 Bd6 22. Qd2 Ne6 23. c3 Bf4 24. Nxf4 Nxf4 25. Re1 Rxe1+ 26. Qxe1 Kf7 27. h3
Nxh3+ 28. gxh3 Qxf3 29. Qe3 Qe4 30. Qxe4 dxe4 31. Kf1 a5 32. Ke2 a4 33. Ke3 f5
34. c4 Ke6 35. Kf4 Kf6 36. d5 g5+ 37. Ke3 cxd5 38. cxd5 Ke5 39. d6 Kxd6 40. Kd4
b5 41. Kc3 Kc5 0-1

[Event "25. Torneo San Viator 2015 - Torneo B"]
[Site "Madrid ESP"]
[Date "2015.11.08"]
[Round "7.15"]
[White "Comeron Galan, Daniel"]
[Black "Alameda Arellano, Cristeto"]
[Result "1/2-1/2"]
[WhiteElo "1356"]
[BlackElo "1545"]
[PlyCount "121"]
[EventDate "2015.10.04"]
[EventType "swiss"]
[EventRounds "9"]
[EventCountry "ESP"]
[Source "lmi"]
[SourceDate "2015.10.04"]

1. d4 d5 2. Bf4 Nf6 3. Nf3 Bf5 4. e3 e6 5. Nbd2 Be7 6. Be2 Nbd7 7. h3 h6 8. c3
c5 9. O-O O-O 10. Ne5 Nxe5 11. Bxe5 Nd7 12. Bh2 Bf6 13. Nf3 Re8 14. Bd3 Bxd3
15. Qxd3 e5 16. dxe5 Nxe5 17. Nxe5 Bxe5 18. Bxe5 Rxe5 19. Rfd1 Qb6 20. Qc2 Rd8
21. Qb3 Qxb3 22. axb3 a6 23. Rd2 Re6 24. Rad1 Red6 25. Kf1 Kf8 26. Ke2 Ke7 27.
Kf3 f5 28. Kf4 Ke6 29. g4 g5+ 30. Kf3 Ke5 31. Kg3 fxg4 32. hxg4 Ke4 33. f3+ Ke5
34. f4+ Ke4 35. Rd3 Rb6 36. b4 gxf4+ 37. exf4 d4 38. bxc5 Rxb2 39. cxd4 Rd5 40.
f5 h5 41. gxh5 Rxf5 42. d5 Rxh5 43. d6 Rg5+ 44. Kh4 Rg7 45. R3d2 Rxd2 46. Rxd2
Rd7 47. Kg5 Ke5 48. Re2+ Kd5 49. Re7 Rd8 50. Rxb7 Kxc5 51. Rb1 Rxd6 52. Kf4
Rd4+ 53. Ke3 Rd8 54. Ra1 Kb6 55. Rb1+ Ka7 56. Ra1 Rd5 57. Ke4 Rb5 58. Kd4 Kb6
59. Kc4 a5 60. Ra4 Kc6 61. Kc3 1/2-1/2

[Event "25. Torneo San Viator 2015 - Torneo B"]
[Site "Madrid ESP"]
[Date "2015.11.15"]
[Round "8.1"]
[White "Munoz Cebey, Ricardo"]
[Black "Fogue Caro, David"]
[Result "1-0"]
[WhiteElo "1693"]
[BlackElo "1568"]
[PlyCount "57"]
[EventDate "2015.10.04"]
[EventType "swiss"]
[EventRounds "9"]
[EventCountry "ESP"]
[Source "lmi"]
[SourceDate "2015.10.04"]

1. c4 Nf6 2. Nc3 g6 3. g3 Bg7 4. Bg2 O-O 5. Nf3 d6 6. O-O e5 7. d3 Nc6 8. Rb1
a5 9. a3 Nh5 10. b4 axb4 11. axb4 f5 12. Bg5 Nf6 13. Nd5 h6 14. Nxf6+ Bxf6 15.
Bxh6 Rf7 16. Qd2 Rh7 17. Bg5 Rh5 18. h4 Nd4 19. Bxf6 Qxf6 20. Ng5 Ne6 21. Bd5
c6 22. Bxe6+ Bxe6 23. Nxe6 Qxe6 24. Kg2 f4 25. Rh1 Rf8 26. Rbf1 Qg4 27. Qd1 f3+
28. exf3 Rxf3 29. Qxf3 1-0

[Event "25. Torneo San Viator 2015 - Torneo B"]
[Site "Madrid ESP"]
[Date "2015.11.15"]
[Round "8.2"]
[White "Martinez Sanz, Ignacio"]
[Black "Serrano Gonzalez, Oscar"]
[Result "1-0"]
[WhiteElo "1644"]
[BlackElo "1665"]
[PlyCount "73"]
[EventDate "2015.10.04"]
[EventType "swiss"]
[EventRounds "9"]
[EventCountry "ESP"]
[Source "lmi"]
[SourceDate "2015.10.04"]

1. d4 Nf6 2. Nf3 e6 3. Bg5 Be7 4. c4 b6 5. Nc3 h6 6. Bxf6 Bxf6 7. e4 d6 8. Rc1
Nd7 9. a3 a5 10. Be2 Ba6 11. d5 e5 12. b4 axb4 13. axb4 O-O 14. O-O Qe7 15. Qc2
Rfb8 16. Ra1 Nf8 17. Ra2 Bc8 18. Rfa1 Rxa2 19. Rxa2 Bd7 20. Ra7 Qd8 21. Qa2 Ng6
22. Ne1 Nf4 23. Nd3 Nxd3 24. Bxd3 c5 25. Qa3 Bg5 26. Bc2 Bd2 27. Ba4 Bxa4 28.
Rxa4 Qh4 29. g3 Qh3 30. b5 Kh7 31. Qb2 Bg5 32. Qe2 f5 33. exf5 Qxf5 34. Qe4
Qxe4 35. Nxe4 Be7 36. Ra7 Bf8 37. Rd7 1-0

[Event "25. Torneo San Viator 2015 - Torneo B"]
[Site "Madrid ESP"]
[Date "2015.11.15"]
[Round "8.3"]
[White "San Felipe Gonzalez, Tomas"]
[Black "Lopez Nunez, Roberto"]
[Result "1-0"]
[WhiteElo "1732"]
[BlackElo "1405"]
[PlyCount "121"]
[EventDate "2015.10.04"]
[EventType "swiss"]
[EventRounds "9"]
[EventCountry "ESP"]
[Source "lmi"]
[SourceDate "2015.10.04"]

1. d4 Nf6 2. c4 e6 3. Nc3 Bb4 4. e3 O-O 5. Bd3 b6 6. Nf3 Bb7 7. Bd2 Be7 8. O-O
d5 9. Re1 Nbd7 10. Qe2 c5 11. cxd5 Nxd5 12. Nxd5 Bxd5 13. e4 Bb7 14. Bc3 cxd4
15. Nxd4 Nc5 16. Bc2 Qc8 17. Rac1 Bg5 18. Qg4 Bh6 19. Rcd1 a6 20. Re3 Kh8 21.
Rh3 f6 22. Qh4 Qe8 23. Bd2 Qg6 24. Bxh6 gxh6 25. Rg3 Qf7 26. f3 Rg8 27. Rxg8+
Rxg8 28. Qxh6 Rg6 29. Qd2 Rg8 30. Ne2 Rc8 31. b4 Nd7 32. Qxd7 Qxd7 33. Rxd7
Rxc2 34. Rxb7 Rxe2 35. Rxb6 Rxa2 36. Rxe6 Kg7 37. Re7+ Kg6 38. Ra7 h6 39. b5 a5
40. b6 Rb2 41. b7 a4 42. h3 h5 43. Kh2 h4 44. Rxa4 Rxb7 45. Ra5 Rb2 46. Ra6 Kg5
47. Ra5+ Kg6 48. Ra8 Kg7 49. Rd8 Rc2 50. Rd1 Kg6 51. Re1 Rc5 52. Re2 Kg5 53. g3
Rc3 54. Kg2 Rc5 55. Rd2 hxg3 56. Rd5+ Rxd5 57. exd5 Kf5 58. h4 Ke5 59. h5 Kxd5
60. h6 Ke6 61. h7 1-0

[Event "25. Torneo San Viator 2015 - Torneo B"]
[Site "Madrid ESP"]
[Date "2015.11.15"]
[Round "8.4"]
[White "Castro Uceda, Jose Antonio"]
[Black "Mateos Cordero, Francisco"]
[Result "1-0"]
[WhiteElo "1582"]
[BlackElo "1627"]
[PlyCount "69"]
[EventDate "2015.10.04"]
[EventType "swiss"]
[EventRounds "9"]
[EventCountry "ESP"]
[Source "lmi"]
[SourceDate "2015.10.04"]

1. e4 c5 2. Nf3 d6 3. d4 cxd4 4. Qxd4 Nc6 5. Bb5 Bd7 6. Bxc6 Bxc6 7. O-O Nf6 8.
Nc3 a6 9. Nd5 Bxd5 10. exd5 g6 11. c4 Bg7 12. Rb1 O-O 13. Qh4 Qa5 14. a3 b5 15.
b3 Rac8 16. Nd4 bxc4 17. Nc6 Qc7 18. bxc4 Rfe8 19. Re1 Qd7 20. Bg5 Qf5 21. Rb7
Rxc6 22. dxc6 e6 23. h3 e5 24. c7 h6 25. Bxf6 Bxf6 26. Qg3 Rc8 27. Qb3 Kg7 28.
Qb6 e4 29. Rb8 Be5 30. Rxc8 Qf4 31. g3 Qf5 32. Re8 d5 33. c8=Q Qf3 34. Rg8+ Kh7
35. Qg4 1-0

[Event "25. Torneo San Viator 2015 - Torneo B"]
[Site "Madrid ESP"]
[Date "2015.11.15"]
[Round "8.5"]
[White "Bellagamba, Pascal"]
[Black "Navarro Gonzalez, Jaime"]
[Result "0-1"]
[WhiteElo "1643"]
[BlackElo "1733"]
[PlyCount "52"]
[EventDate "2015.10.04"]
[EventType "swiss"]
[EventRounds "9"]
[EventCountry "ESP"]
[Source "lmi"]
[SourceDate "2015.10.04"]

1. e4 c5 2. Nc3 e6 3. Bc4 a6 4. a3 b5 5. Ba2 Bb7 6. d3 d5 7. f3 Bd6 8. exd5
Qh4+ 9. Kf1 exd5 10. Bxd5 Bxd5 11. Nxd5 Nc6 12. Nh3 h6 13. Be3 Nge7 14. Bf2 Qh5
15. Nxe7 Nxe7 16. Qd2 O-O 17. Nf4 Qf5 18. Bg3 Rad8 19. Ne2 c4 20. d4 Nc6 21. c3
Na5 22. Re1 Nb3 23. Qd1 Rfe8 24. Kf2 Nc5 25. dxc5 Bxg3+ 26. Nxg3 Qxc5+ 0-1

[Event "25. Torneo San Viator 2015 - Torneo B"]
[Site "Madrid ESP"]
[Date "2015.11.15"]
[Round "8.6"]
[White "Jimenez Alvaro, Angel"]
[Black "Ramos Antona, Enrique"]
[Result "1-0"]
[WhiteElo "1742"]
[BlackElo "1577"]
[PlyCount "93"]
[EventDate "2015.10.04"]
[EventType "swiss"]
[EventRounds "9"]
[EventCountry "ESP"]
[Source "lmi"]
[SourceDate "2015.10.04"]

1. d4 d5 2. Bf4 Nf6 3. e3 Bg4 4. Nf3 e6 5. Nbd2 c5 6. c3 a6 7. Qb3 b5 8. dxc5
Bxc5 9. Bd3 Nbd7 10. h3 Bxf3 11. Nxf3 Bb6 12. a4 Nc5 13. Qc2 Nxd3+ 14. Qxd3
bxa4 15. Rxa4 Qc8 16. O-O O-O 17. Rfa1 a5 18. Nd2 Nd7 19. Bd6 Nc5 20. Bxc5 Bxc5
21. b4 Bd6 22. bxa5 Ra6 23. c4 Be5 24. Rb1 Rd8 25. c5 Qc6 26. Qb5 Rc8 27. Qxc6
Rcxc6 28. Rb5 f5 29. Nb3 Kf7 30. f4 Bc3 31. Nd4 Bxd4 32. exd4 Kf6 33. Rb6 Ke7
34. Kf2 Kd7 35. Ke2 Kc7 36. Kd3 h6 37. Kc3 g5 38. g3 g4 39. h4 h5 40. Kb4
Rcxb6+ 41. cxb6+ Kc6 42. Ra3 Ra8 43. Rc3+ Kd6 44. Kb5 e5 45. fxe5+ Kd7 46. a6
f4 47. gxf4 1-0

[Event "25. Torneo San Viator 2015 - Torneo B"]
[Site "Madrid ESP"]
[Date "2015.11.15"]
[Round "8.7"]
[White "Cabezas Lopez, Mercedes"]
[Black "Manso Santamaria, Juan Carlos"]
[Result "0-1"]
[WhiteElo "1605"]
[BlackElo "1707"]
[PlyCount "120"]
[EventDate "2015.10.04"]
[EventType "swiss"]
[EventRounds "9"]
[EventCountry "ESP"]
[Source "lmi"]
[SourceDate "2015.10.04"]

1. b4 b6 2. Bb2 Bb7 3. e3 e6 4. Nf3 Nf6 5. a3 Be7 6. Be2 O-O 7. O-O c5 8. b5 d5
9. d3 Nbd7 10. c4 Qc7 11. Nbd2 Rad8 12. Qc2 Ng4 13. h3 Nge5 14. Rac1 Bf6 15.
cxd5 Bxd5 16. e4 Ba8 17. d4 Nxf3+ 18. Nxf3 Qf4 19. Bd3 Be7 20. Rce1 cxd4 21.
Bxd4 Nc5 22. Be3 Qd6 23. Bxc5 Qxc5 24. Qb3 Qxa3 25. Qxa3 Bxa3 26. Bc2 Rc8 27.
Re2 Rc3 28. Ra1 Rfc8 29. Ne1 Kf8 30. e5 h6 31. Kf1 Bd5 32. Bd3 R8c7 33. Rc2 Bb4
34. Rac1 Rxc2 35. Rxc2 Rxc2 36. Nxc2 Bc3 37. f4 g5 38. g3 gxf4 39. gxf4 Bd2 40.
f5 Bf4 41. fxe6 Bxe6 42. Kg2 Bd5+ 43. Kf1 Bxe5 44. Ne3 Be6 45. Ng4 Bf4 46. Kg2
Bd5+ 47. Kf1 Ke7 48. Nf2 Ke6 49. Ke2 f5 50. Nd1 Bg2 51. Nf2 h5 52. Bc4+ Kf6 53.
Bd3 h4 54. Ke1 Bg3 55. Bf1 Bf3 56. Bc4 Ke5 57. Kf1 Kd4 58. Be6 f4 59. Bf5 Bd5
60. Bd3 Bxf2 0-1

[Event "25. Torneo San Viator 2015 - Torneo B"]
[Site "Madrid ESP"]
[Date "2015.11.15"]
[Round "8.8"]
[White "Marcelo De La Mata, Daniel"]
[Black "Dominguez Lerida, Nicolas"]
[Result "0-1"]
[WhiteElo "1656"]
[BlackElo "1509"]
[PlyCount "66"]
[EventDate "2015.10.04"]
[EventType "swiss"]
[EventRounds "9"]
[EventCountry "ESP"]
[Source "lmi"]
[SourceDate "2015.10.04"]

1. e4 c6 2. d4 d5 3. Nd2 dxe4 4. Nxe4 Bf5 5. Ng3 Bg6 6. h4 h6 7. h5 Bh7 8. Bd3
Qxd4 9. Nf3 Qd8 10. Ne5 Qa5+ 11. Kf1 Qxe5 12. Bxh7 Rxh7 13. Rh4 Qc7 14. Bf4 Qc8
15. Qd3 Nf6 16. Be5 Nbd7 17. Bc3 Qc7 18. Re1 O-O-O 19. Ra4 Nb6 20. Rd4 Rxd4 21.
Qxd4 Qd7 22. Qc5 Qd5 23. Qa3 a6 24. Bb4 Ng8 25. b3 Nd7 26. Kg1 c5 27. Bc3 e6
28. Qc1 Ngf6 29. Rd1 Qg5 30. Rd2 Nd5 31. Bb2 Qe7 32. c4 N5f6 33. Qe1 Rh8 0-1

[Event "25. Torneo San Viator 2015 - Torneo B"]
[Site "Madrid ESP"]
[Date "2015.11.15"]
[Round "8.11"]
[White "Blanco Ruiz, Cesar"]
[Black "Rojo Jorge, Angel"]
[Result "1-0"]
[WhiteElo "1630"]
[BlackElo "1364"]
[PlyCount "97"]
[EventDate "2015.10.04"]
[EventType "swiss"]
[EventRounds "9"]
[EventCountry "ESP"]
[Source "lmi"]
[SourceDate "2015.10.04"]

1. d4 Nf6 2. Bg5 c5 3. d5 b5 4. f3 d6 5. e4 Bd7 6. a4 bxa4 7. Bd2 Qb6 8. Bc3 g6
9. Na3 Bg7 10. Nh3 Na6 11. Nc4 Qb7 12. Bd3 Nb4 13. Nf4 O-O 14. O-O Rfb8 15. Qe2
Bb5 16. Rfb1 Nd7 17. Na5 Bxd3 18. Nxd3 Qa6 19. Bxb4 cxb4 20. Nc6 Rb7 21. Kf1
Nc5 22. Ndxb4 Qxe2+ 23. Kxe2 Rc8 24. c3 e6 25. Nd3 exd5 26. Nxc5 dxc5 27. exd5
Re8+ 28. Kd3 Rd7 29. Kc4 Re2 30. Rxa4 Rxg2 31. Rxa7 Rxa7 32. Nxa7 Bf8 33. Rd1
Bd6 34. Nb5 Be7 35. d6 Bd8 36. Kxc5 Kf8 37. Kc6 Rxb2 38. c4 Ra2 39. c5 Ra8 40.
Kd5 Rb8 41. Nd4 Rc8 42. c6 Bb6 43. d7 Ra8 44. Re1 Bxd4 45. Kxd4 Rd8 46. Kc5 Ra8
47. c7 Ra5+ 48. Kb6 Ra8 49. d8=Q+ 1-0

[Event "25. Torneo San Viator 2015 - Torneo B"]
[Site "Madrid ESP"]
[Date "2015.11.15"]
[Round "8.12"]
[White "Jimenez Manzano, Emiliano"]
[Black "Bustos Bernardo, Diego"]
[Result "1-0"]
[WhiteElo "1550"]
[BlackElo "1343"]
[PlyCount "71"]
[EventDate "2015.10.04"]
[EventType "swiss"]
[EventRounds "9"]
[EventCountry "ESP"]
[Source "lmi"]
[SourceDate "2015.10.04"]

1. c4 Nf6 2. Nc3 e6 3. g3 d5 4. cxd5 exd5 5. d4 Be7 6. Bg2 O-O 7. Nf3 c6 8. O-O
b6 9. a3 Bb7 10. b4 Nbd7 11. Nh4 g6 12. Nf3 c5 13. bxc5 bxc5 14. dxc5 Nxc5 15.
Rb1 Rc8 16. Bh3 Rb8 17. Bf4 Bd6 18. Qd4 Bxf4 19. Qxf4 Ne6 20. Qd2 Qd6 21. Qa2
Bc6 22. Rbd1 Qc5 23. Rc1 Qd6 24. Rfd1 Rfd8 25. Bg2 Qc7 26. Nd4 Nxd4 27. Rxd4
Bb5 28. Qd2 Bc6 29. Nxd5 Nxd5 30. Bxd5 Qb6 31. Rxc6 Qb1+ 32. Kg2 Rb5 33. Bxf7+
Kxf7 34. Rc7+ Ke6 35. Rxd8 Qe4+ 36. f3 1-0

[Event "25. Torneo San Viator 2015 - Torneo B"]
[Site "Madrid ESP"]
[Date "2015.11.15"]
[Round "8.13"]
[White "Fernandez Rodriguez, Alberto"]
[Black "Garcia Pardo, Maria Del Carmen"]
[Result "1/2-1/2"]
[WhiteElo "1520"]
[BlackElo "1322"]
[PlyCount "114"]
[EventDate "2015.10.04"]
[EventType "swiss"]
[EventRounds "9"]
[EventCountry "ESP"]
[Source "lmi"]
[SourceDate "2015.10.04"]

1. d4 Nf6 2. Nf3 d5 3. Bf4 Bf5 4. e3 e6 5. Bd3 Bxd3 6. Qxd3 Bd6 7. O-O Bxf4 8.
exf4 Qd6 9. g3 O-O 10. Nbd2 Nbd7 11. Ne5 Rac8 12. Ndf3 h6 13. Nxd7 Nxd7 14. Ne5
c5 15. Nxd7 Qxd7 16. c3 cxd4 17. Qxd4 a6 18. Rfd1 Qb5 19. Rd2 Qc4 20. a3 Qxd4
21. Rxd4 Rc7 22. f5 Rfc8 23. fxe6 fxe6 24. Re1 Re7 25. Rxd5 Kf7 26. Rd6 e5 27.
Red1 Rce8 28. Rd7 Rxd7 29. Rxd7+ Re7 30. Rxe7+ Kxe7 31. Kf1 Kd6 32. Ke2 Kd5 33.
b3 g5 34. h3 h5 35. Ke3 e4 36. c4+ Ke5 37. b4 b6 38. a4 g4 39. h4 a5 40. bxa5
bxa5 41. c5 Kd5 42. c6 Kxc6 43. Kxe4 Kc5 44. f4 gxf3 45. Kxf3 Kb4 46. g4 hxg4+
47. Kxg4 Kxa4 48. h5 Kb3 49. h6 a4 50. h7 a3 51. h8=Q Ka2 52. Qh2+ Kb1 53. Qg1+
Kb2 54. Qf2+ Kb1 55. Qe1+ Kb2 56. Qe2+ Kb1 57. Qf3 a2 1/2-1/2

[Event "25. Torneo San Viator 2015 - Torneo B"]
[Site "Madrid ESP"]
[Date "2015.11.15"]
[Round "8.14"]
[White "Garcia Rojas, Juan Carlos"]
[Black "Lopez Nunez, Alonso"]
[Result "1-0"]
[WhiteElo "1489"]
[BlackElo "1283"]
[PlyCount "81"]
[EventDate "2015.10.04"]
[EventType "swiss"]
[EventRounds "9"]
[EventCountry "ESP"]
[Source "lmi"]
[SourceDate "2015.10.04"]

1. e4 e6 2. Nf3 d5 3. exd5 exd5 4. d4 Bd6 5. g3 Bg4 6. c3 Nf6 7. Bg2 O-O 8. O-O
Nbd7 9. Be3 Ne4 10. Re1 c6 11. Nbd2 Ndf6 12. Qb3 Qb6 13. Qxb6 axb6 14. Nxe4
Nxe4 15. Ne5 Bxe5 16. dxe5 Nc5 17. Bxc5 bxc5 18. h3 Be6 19. a3 f6 20. f4 fxe5
21. Rxe5 Rae8 22. Rae1 Bd7 23. Rxe8 Rxe8 24. Rxe8+ Bxe8 25. Kf2 Kf7 26. g4 Kf6
27. Ke3 g5 28. b4 gxf4+ 29. Kxf4 cxb4 30. axb4 h6 31. h4 Bg6 32. g5+ hxg5+ 33.
hxg5+ Ke6 34. Bh3+ Kd6 35. Bc8 Kc7 36. Bf5 Be8 37. Ke5 Kd8 38. Kd6 b5 39. g6
Bd7 40. g7 Bxf5 41. g8=Q# 1-0

[Event "25. Torneo San Viator 2015 - Torneo B"]
[Site "Madrid ESP"]
[Date "2015.11.15"]
[Round "8.15"]
[White "Del Rio Perezagua, Mario"]
[Black "Fogue Angelina, Hugo"]
[Result "0-1"]
[WhiteElo "1487"]
[BlackElo "1273"]
[PlyCount "148"]
[EventDate "2015.10.04"]
[EventType "swiss"]
[EventRounds "9"]
[EventCountry "ESP"]
[Source "lmi"]
[SourceDate "2015.10.04"]

1. e4 c5 2. Nf3 d6 3. d4 cxd4 4. Nxd4 Nf6 5. Nc3 g6 6. Be3 Bg7 7. f3 O-O 8. Qd2
Nc6 9. O-O-O a6 10. Bc4 Bd7 11. h4 h5 12. Bh6 Rc8 13. Bxg7 Kxg7 14. Bb3 b5 15.
Qg5 Nh7 16. Qg3 Nxd4 17. Rxd4 Qc7 18. Rd2 Rcd8 19. Nd5 Qc5 20. f4 Bg4 21. f5 a5
22. a3 Qc6 23. Re1 Qd7 24. Ne3 Nf6 25. Nxg4 Nxg4 26. Rf1 Qc6 27. Bd5 Qb6 28.
Qc3+ Kh7 29. Rd3 Rc8 30. Qd2 a4 31. Rdf3 Kg7 32. fxg6 f6 33. Rg3 Kxg6 34. Be6
Kh7 35. Bxg4 hxg4 36. Rxg4 Rg8 37. Rxg8 Rxg8 38. Qe2 Qc5 39. Rh1 Qe5 40. Kb1
Qg3 41. Qh5+ Kg7 42. Qxb5 Qxg2 43. Re1 Qf2 44. Rf1 Qd4 45. Qf5 Kf7 46. h5 Rg5
47. Qf3 Qe5 48. Rh1 Kg7 49. Rd1 Qa5 50. Rd5 Rxd5 51. exd5 Qe1+ 52. Ka2 Qe5 53.
Qg4+ Qg5 54. Qe4 Qe5 55. Qg6+ Kf8 56. Qh6+ Kg8 57. Qg6+ Kf8 58. c4 Qg5 59. Qh7
Qg7 60. Qf5 Qg5 61. Qc8+ Kf7 62. Qa6 Qxh5 63. Qxa4 f5 64. Qc2 f4 65. Qf2 f3 66.
Kb1 Qh1+ 67. Ka2 Qg2 68. Qe3 f2 69. Qe6+ Kf8 70. Qh6+ Qg7 71. Qf4+ Qf7 72. Qh6+
Ke8 73. Qh8+ Qf8 74. Qh5+ Kd8 0-1

[Event "25. Torneo San Viator 2015 - Torneo B"]
[Site "Madrid ESP"]
[Date "2015.11.15"]
[Round "8.17"]
[White "Cabello Rodriguez, Raul"]
[Black "Arevalo Estriegana, Jorge"]
[Result "1-0"]
[WhiteElo "1615"]
[BlackElo "1250"]
[PlyCount "37"]
[EventDate "2015.10.04"]
[EventType "swiss"]
[EventRounds "9"]
[EventCountry "ESP"]
[Source "lmi"]
[SourceDate "2015.10.04"]

1. d4 c6 2. c3 d5 3. Nf3 Nf6 4. Bf4 Bg4 5. e3 Nbd7 6. Bd3 e6 7. Nbd2 Be7 8. h3
Bh5 9. Qb3 Nb6 10. O-O O-O 11. Rac1 Rc8 12. a4 Bg6 13. Ne5 Bxd3 14. Nxd3 c5 15.
Qc2 c4 16. Ne5 Bd6 17. Ndf3 Nh5 18. Ng5 Nxf4 19. Qxh7# 1-0

[Event "25. Torneo San Viator 2015 - Torneo B"]
[Site "Madrid ESP"]
[Date "2015.11.15"]
[Round "8.18"]
[White "Tenorio Garcia, Joel"]
[Black "Sanchez Sanchez, Cesar"]
[Result "0-1"]
[WhiteElo "1277"]
[BlackElo "1800"]
[PlyCount "92"]
[EventDate "2015.10.04"]
[EventType "swiss"]
[EventRounds "9"]
[EventCountry "ESP"]
[Source "lmi"]
[SourceDate "2015.10.04"]

1. e4 c6 2. d4 d5 3. exd5 cxd5 4. Bd3 Nc6 5. c3 Nf6 6. Bf4 Bg4 7. Qb3 Qc8 8.
Nd2 Bd7 9. Ngf3 e6 10. O-O Be7 11. Qc2 O-O 12. Ne5 h6 13. Ndf3 Bd8 14. Rfe1 Bc7
15. Rad1 a6 16. Nxc6 Bxc6 17. Ne5 Rd8 18. Re3 Be8 19. Rg3 Nh5 20. Rg4 Nxf4 21.
Rxf4 f6 22. Bh7+ Kh8 23. Ng6+ Bxg6 24. Qxg6 Bxf4 25. Rd3 Qc7 26. Rh3 Re8 27. g3
Bc1 28. Qc2 Bxb2 29. Bg6 Qxc3 30. Qxc3 Bxc3 31. Bxe8 Rxe8 32. Rh4 e5 33. dxe5
Rxe5 34. Rf4 d4 35. Rf3 Rd5 36. Rd3 b5 37. Kf1 Re5 38. Rd1 b4 39. f4 Re3 40.
Kf2 a5 41. Kg2 a4 42. Rb1 Re2+ 43. Kg1 Rxa2 44. h4 Ra1 45. Rxa1 Bxa1 46. Kf2 b3
0-1

[Event "25. Torneo San Viator 2015 - Torneo B"]
[Site "Madrid ESP"]
[Date "2015.11.15"]
[Round "8.19"]
[White "Benitez Robles, Antonio"]
[Black "Blasco Gallardo, Francisco"]
[Result "1/2-1/2"]
[WhiteElo "1425"]
[BlackElo "1495"]
[PlyCount "70"]
[EventDate "2015.10.04"]
[EventType "swiss"]
[EventRounds "9"]
[EventCountry "ESP"]
[Source "lmi"]
[SourceDate "2015.10.04"]

1. e4 g6 2. d4 Bg7 3. Nf3 d6 4. Nc3 a6 5. Be3 b5 6. Qd2 Bb7 7. Bd3 Nd7 8. O-O
c5 9. d5 Qa5 10. Rfb1 Rc8 11. a3 Qd8 12. Be2 Ne5 13. Nxe5 Bxe5 14. Bf4 Bg7 15.
h4 h5 16. g3 Bh6 17. b4 Bxf4 18. Qxf4 cxb4 19. Nd1 bxa3 20. c3 Nf6 21. c4 O-O
22. Rxa3 Ra8 23. Nc3 Nd7 24. g4 e5 25. Qg3 hxg4 26. Qxg4 Nf6 27. Qg3 Kh7 28.
Nxb5 Nh5 29. Qh2 axb5 30. Rxa8 Qxa8 31. cxb5 Nf4 32. Bf1 Qa2 33. Rc1 Qb2 34.
Rc7 Ba6 35. f3 Qb4 1/2-1/2

[Event "25. Torneo San Viator 2015 - Torneo B"]
[Site "Madrid ESP"]
[Date "2015.11.15"]
[Round "8.21"]
[White "Rendo Quindos, Pedro"]
[Black "Comeron Galan, Daniel"]
[Result "0-1"]
[WhiteElo "1662"]
[BlackElo "1356"]
[PlyCount "88"]
[EventDate "2015.10.04"]
[EventType "swiss"]
[EventRounds "9"]
[EventCountry "ESP"]
[Source "lmi"]
[SourceDate "2015.10.04"]

1. e4 d6 2. Nf3 Nf6 3. Nc3 e5 4. Bc4 Be7 5. d4 Nbd7 6. Be3 O-O 7. Qe2 c6 8.
dxe5 Nxe5 9. Nxe5 dxe5 10. Rd1 Qc7 11. O-O b6 12. Rd2 Bb7 13. Rfd1 Rfd8 14. f3
Rxd2 15. Rxd2 Rd8 16. a3 h6 17. Kf2 Nd7 18. b4 Nf6 19. g3 Rxd2 20. Qxd2 c5 21.
b5 Qd8 22. Nd5 Nxd5 23. Bxd5 Bxd5 24. exd5 Kf8 25. c4 Bg5 26. Bxg5 Qxg5 27.
Qxg5 hxg5 28. Ke3 Ke7 29. Ke4 f6 30. Kf5 Kf7 31. f4 g6+ 32. Ke4 exf4 33. gxf4
gxf4 34. Kxf4 Ke7 35. h4 Kf7 36. Ke4 Ke7 37. Kf4 Kf7 38. a4 Ke7 39. h5 gxh5 40.
Kg3 f5 41. Kf3 h4 42. Kg2 f4 43. Kf2 h3 44. Kg1 f3 0-1

[Event "25. Torneo San Viator 2015 - Torneo B"]
[Site "Madrid ESP"]
[Date "2015.11.15"]
[Round "8.22"]
[White "Rodriguez Larrinaga, Mikel"]
[Black "Lianes Garcia, Alicia"]
[Result "1-0"]
[WhiteElo "1638"]
[BlackElo "1359"]
[PlyCount "79"]
[EventDate "2015.10.04"]
[EventType "swiss"]
[EventRounds "9"]
[EventCountry "ESP"]
[Source "lmi"]
[SourceDate "2015.10.04"]

1. d4 Nf6 2. c4 e6 3. Nf3 d5 4. e3 c5 5. cxd5 exd5 6. Nc3 Nc6 7. Be2 cxd4 8.
Nxd4 Nxd4 9. exd4 Bb4 10. a3 Bxc3+ 11. bxc3 O-O 12. O-O Re8 13. Bg5 h6 14. Bh4
Bf5 15. Re1 g5 16. Bg3 Rc8 17. Qb3 b6 18. c4 Be6 19. cxd5 Qxd5 20. Qa4 Bd7 21.
Qxa7 Bc6 22. Bf3 Qxd4 23. Red1 Qc5 24. Rac1 Qb5 25. Bxc6 Rxc6 26. Rxc6 Qxc6 27.
Qc7 Qe4 28. h3 Qa4 29. Rb1 Qxa3 30. Qxb6 Ne4 31. Qxh6 Nxg3 32. Qxg5+ Kf8 33.
Qxg3 Qa2 34. Qd6+ Kg8 35. Rb8 Qa1+ 36. Kh2 Rxb8 37. Qxb8+ Kg7 38. Qf4 Qc3 39.
Qg3+ Qxg3+ 40. Kxg3 1-0

[Event "25. Torneo San Viator 2015 - Torneo B"]
[Site "Madrid ESP"]
[Date "2015.11.15"]
[Round "8.23"]
[White "Carnero Barbulo, Daniel"]
[Black "Valdes Sanchez, Jesus Manuel"]
[Result "0-1"]
[WhiteElo "1346"]
[BlackElo "1594"]
[PlyCount "70"]
[EventDate "2015.10.04"]
[EventType "swiss"]
[EventRounds "9"]
[EventCountry "ESP"]
[Source "lmi"]
[SourceDate "2015.10.04"]

1. d4 d5 2. c4 c6 3. Nc3 Nf6 4. Bg5 e6 5. Nf3 h6 6. Bh4 Be7 7. c5 b6 8. b4 bxc5
9. bxc5 Ba6 10. Nd2 Nbd7 11. e3 Bxf1 12. Nxf1 Qa5 13. Qc2 g5 14. Bg3 Ne4 15.
Rc1 Bd8 16. f3 Nxc3 17. Qxc3 Qxc3+ 18. Rxc3 Ba5 19. Kd2 Bxc3+ 20. Kxc3 O-O 21.
Bd6 Rfe8 22. Nd2 e5 23. h4 exd4+ 24. Kxd4 gxh4 25. Rxh4 Re6 26. Bf4 Kh7 27. g4
Kg7 28. Nf1 Rh8 29. Ng3 Kg6 30. g5 h5 31. e4 dxe4 32. fxe4 Rd8 33. Rxh5 Nf6+
34. Kc4 Nxh5 35. Nxh5 Kxh5 0-1

[Event "25. Torneo San Viator 2015 - Torneo B"]
[Site "Madrid ESP"]
[Date "2015.11.15"]
[Round "8.24"]
[White "Perez Perez, Marta"]
[Black "Mora Gonzalez-Rojas, Francisco"]
[Result "1-0"]
[WhiteElo "1338"]
[BlackElo "1557"]
[PlyCount "82"]
[EventDate "2015.10.04"]
[EventType "swiss"]
[EventRounds "9"]
[EventCountry "ESP"]
[Source "lmi"]
[SourceDate "2015.10.04"]

1. e4 e5 2. Nf3 d6 3. d4 exd4 4. Nxd4 Nf6 5. Nc3 h6 6. Bc4 Be7 7. h3 O-O 8. Qf3
c5 9. Nb3 Nc6 10. Be2 Ne5 11. Qg3 Ng6 12. Bc4 Nh5 13. Qxg6 Nf6 14. Bxh6 Nh5 15.
g4 Bf6 16. gxh5 Kh8 17. Bxg7+ Bxg7 18. Qg3 Qf6 19. O-O-O Bh6+ 20. Kb1 Rd8 21.
e5 dxe5 22. Rxd8+ Qxd8 23. Qxe5+ Bg7 24. Qd5 Qxd5 25. Nxd5 Bf8 26. Nc7 Rb8 27.
Bxf7 Bf5 28. Ne6 b6 29. Nxf8 Rxf8 30. Bg6 Bxg6 31. hxg6 Rxf2 32. h4 Kg7 33. h5
Rf8 34. Nc1 Kh6 35. Nd3 Re8 36. Nf4 Re4 37. Rg1 Kg7 38. h6+ Kg8 39. h7+ Kg7 40.
Nh5+ Kh8 41. g7+ Kxh7 1-0